Normal view
MARC view
Entry Personal Name
001 - CONTROL NUMBER
- control field: 14201
003 - CONTROL NUMBER IDENTIFIER
- control field: BD-RjUL
005 - DATE AND TIME OF LATEST TRANSACTION
- control field: 20241111112551.0
008 - FIXED-LENGTH DATA ELEMENTS
- fixed length control field: 241111|| aca||aabn | a|a d
040 ## - CATALOGING SOURCE
- Original cataloging agency: BD-RjUL
- Transcribing agency: BD-RjUL
100 ## - HEADING--PERSONAL NAME
- Personal name: Islam, A. B. M. Saiful, Supervisor
670 ## - SOURCE DATA FOUND
- Source citation: Work cat.: (BD-RjUL)84277: Jaman, Most. Sharmin 14199, Environmental News in Maimstream Newspapers and its Impacts on Public Awareness Building in Bangladesh /, 2022